01505 2200565 4500001002100000005001500021035002500036007000300061008004100064020002200105040001200127082001500139084001700154090002100171090002200192100001600214245010900230260002600339300004100365500001100406504002900417650002200446700001300468700001900481700002100500850001200521999002200533990001700555990001700572990001700589990001700606990001700623990001700640990001700657990001700674990001700691990001700708990002200725990002200747990001700769990001700786990001700803990001700820990001700837990001700854990001700871990001700888990001700905990001700922INLIS00000000002152720200706063347 a0010-071600000000318ta160726s2015 yoia g ind d a978-602-8950-81-7 aYOPDYOG04222a647.72 a647.72 SIT p aDEP 647.72 SIT p aCB-D.11 2015-23860 aSiti Sahida00aPerawatan kulit kepala dan rambut /cSiti Sahida, Hidayani; penyunting, Taswati Suci M, Fiki Puspitasari3 aSleman :bKTSP,c2015 aiv, 76 halaman :bilustrasi ;c25 cm aIndeks aBibliografi : halaman 74 4aRambut, Perawatan0 aHidayani0 aTaswati Suci M0 aFiki Puspitasari aYOPDYOG aCB-D.11/2015-2386 a7259-KS/B.16 a7260-KS/B.16 a7261-KS/B.16 a7262-KS/B.16 a7263-KS/B.16 a7264-KS/B.16 a7265-KS/B.16 a7266-KS/B.16 a7267-KS/B.16 a7268-KS/B.16 aCB-D.11/2015-2386 aCB-D.11/2015-2386 a7259-KS/B.16 a7260-KS/B.16 a7261-KS/B.16 a7262-KS/B.16 a7263-KS/B.16 a7264-KS/B.16 a7265-KS/B.16 a7266-KS/B.16 a7267-KS/B.16 a7268-KS/B.16